000 01366nam a22003614a 4500
001 ebr10070695
003 CaPaEBR
006 m u
007 cr cn|||||||||
008 050811r20021999enk sb 001 0 eng
010 _z 98054119
020 _z0203029135
020 _z0415171210 (hbk)
020 _z0415171229 (pbk)
040 _aCaPaEBR
_cCaPaEBR
035 _a(OCoLC)70733058
050 1 4 _aHQ613
_b.I34 2002eb
082 0 4 _a304.2/3/0941
_221
245 0 0 _aIdeal homes?
_h[electronic resource] :
_bsocial change and domestic life /
_cedited by Tony Chapman and Jenny Hockey.
260 _aLondon ;
_aNew York :
_bRoutledge,
_c2002.
300 _axii, 233 p.
504 _aIncludes bibliographical references (p. 210-227) and index.
533 _aElectronic reproduction.
_bPalo Alto, Calif. :
_cebrary,
_d2013.
_nAvailable via World Wide Web.
_nAccess may be limited to ebrary affiliated libraries.
650 0 _aHome
_zGreat Britain.
650 0 _aDwellings
_zGreat Britain.
650 0 _aHousing
_zGreat Britain.
650 0 _aFamilies
_zGreat Britain.
655 7 _aElectronic books.
_2local
700 1 _aChapman, Tony,
_d1953-
700 1 _aHockey, Jennifer Lorna.
710 2 _aebrary, Inc.
856 4 0 _uhttp://site.ebrary.com/lib/rucke/Doc?id=10070695
_zAn electronic book accessible through the World Wide Web; click to view
999 _c43203
_d43203